Mathematical modelling : (Record no. 15348)

000 -LEADER
fixed length control field 00552cam a2200181 a 4500
020 ## - INTERNATIONAL STANDARD BOOK NUMBER
ISBN 0080372449 :
040 ## - CATALOGING SOURCE
Transcribing agency DLC
082 00 - DEWEY DECIMAL CLASSIFICATION NUMBER
Classification number 511 PER 1990 A063 Or.
100 1# - MAIN ENTRY--AUTHOR NAME
Personal name Murthy, D. N. P.
245 10 - TITLE STATEMENT
Title Mathematical modelling :
Remainder of title a tool for problem solving in engineering, physical, biological, and social sciences /
250 ## - EDITION STATEMENT
Edition statement 1st ed.
260 ## - PUBLICATION, DISTRIBUTION, ETC. (IMPRINT)
Place of publication Oxford ;
-- New York :
Name of publisher Pergamon Press,
Year of publication 1990.
300 ## - PHYSICAL DESCRIPTION
Number of Pages xvi, 339 p. :
Other physical details ill. ;
Dimensions 24 cm.
650 #0 - SUBJECT ADDED ENTRY--TOPICAL TERM
Topical Term Mathematical models.
700 1# - ADDED ENTRY--PERSONAL NAME
Personal name Page, N. W.
700 1# - ADDED ENTRY--PERSONAL NAME
Personal name Rodin, Ervin Y.,
942 ## - ADDED ENTRY ELEMENTS (KOHA)
Koha item type សៀវភៅភាសាអង់គ្លេស
952 ## - LOCATION AND ITEM INFORMATION (KOHA)
Withdrawn status [LOCAL, KOHA] 0
Holdings
Permanent Location Date acquired Koha item type Lost status Shelving location Barcode Current Location Full call number
Library Block A2017-11-20សៀវភៅភាសាអង់គ្លេស A063A06259Library Block A511 PER 1990 A063 Or.
មជ្ឈមណ្ឌលឯការនៃសាកលវិទ្យាល័យភូមិន្ទកសិកម្មចំការដូង

Powered by Koha